Quizzes
Events
Quiz Creation
Community
Videos
Private Events
Remove Ads
Sign In
Join for FREE
Feedback
Dark Mode
Quiz Categories
Sports
Geography
Music
Movies
Television
Just For Fun
Miscellaneous
History
Literature
Language
Science
Gaming
Entertainment
Religion
Holiday
For Kids
Quiz Lab
Recent
Popular Today
Quiz Kudos Today
Editor Picks
Curator Picks
Quizzes by...
Day
Popularity
Type
Ratings
Length
Year
Community
Subscriptions
Recent Discussions
Orange Saloon
Badges
Playlists
Quests
Create
Leaderboards
Showdown
Live 5
Trivia Bingo
Activity
Puzzle Library
Sporcle Events
Private Events
Virtual Trivia
Globe League
Become a Host
Pub Owners
SporcleCon
Opinionation
Our Games
Videos
Blog
Mobile Apps
Partnerships
Remove Ads and Go Orange
Feedback
Sports
Athletes
MLB
NBA
NHL
NFL
Soccer
Sports Teams
WWE
NCAA
Football
Premier League
Basketball
Baseball
Hockey
Golf
Tennis
Cricket
Rugby
Auto Racing
Olympics
World Cup
Sports
Athletes
MLB
NBA
NHL
NFL
Soccer
Sports Teams
WWE
NCAA
Football
Premier League
Basketball
Baseball
Hockey
Golf
Tennis
Cricket
Rugby
Auto Racing
Olympics
World Cup
Random Quiz
Search Sporcle
×
Quiz Lab
Quiz Lab
Sports
MLB
Type in answers that appear in a list
Type in answers that appear in a list
Classic
Best Score? Go Orange.
Mariners Players Who Have Received MVP Votes (1990-2010) Stats
Can you name the Mariners Players Who Have Received MVP Votes (1990-2010)?
By
dabbas11
4m
43 Questions
3,522 Plays
3,522 Plays
3,522 Plays
Comments
Comments
Give Quiz Kudos
Give Quiz Kudos
-
- Ratings
hide this ad
Replay
Link that replays current quiz
Next Quiz
Link to next quiz in quiz playlist
You Got
0%
They Got
Avg Score
86%
Avg Friend Score
Upgrade to see
Score Distribution
Jump to the score distribution portion of the page
Score
0/43
Timer
04:00
0
Plays Today
Year
Player
% Correct
1990
Ken Griffey, Jr.
98.5%
1991
Ken Griffey, Jr.
98.5%
1992
Ken Griffey, Jr.
98.5%
1993
Ken Griffey, Jr.
98.5%
1994
Ken Griffey, Jr.
98.5%
1996
Ken Griffey, Jr.
98.5%
1997
Ken Griffey, Jr.
98.5%
1998
Ken Griffey, Jr.
98.5%
1999
Ken Griffey, Jr.
98.5%
2001
Ichiro Suzuki
96.4%
2002
Ichiro Suzuki
96.4%
2003
Ichiro Suzuki
96.4%
2004
Ichiro Suzuki
96.4%
2006
Ichiro Suzuki
96.4%
2007
Ichiro Suzuki
96.4%
2008
Ichiro Suzuki
96.4%
2009
Ichiro Suzuki
96.4%
2010
Ichiro Suzuki
96.4%
1992
Edgar Martinez
94.9%
1995
Edgar Martinez
94.9%
1997
Edgar Martinez
94.9%
2000
Edgar Martinez
94.9%
Year
Player
% Correct
2001
Edgar Martinez
94.9%
1996
Alex Rodriguez
89%
1998
Alex Rodriguez
89%
1999
Alex Rodriguez
89%
2000
Alex Rodriguez
89%
1993
Randy Johnson
88.4%
1995
Randy Johnson
88.4%
1997
Randy Johnson
88.3%
2009
Felix Hernandez
88%
2010
Felix Hernandez
88%
1995
Jay Buhner
86.8%
1996
Jay Buhner
86.8%
1997
Jay Buhner
86.8%
2001
Bret Boone
81.8%
2003
Bret Boone
81.8%
2001
Mike Cameron
59.3%
2005
Richie Sexson
53.7%
2001
Kazuhiro Sasaki
43.9%
2006
Raul Ibanez
41.9%
2008
Raul Ibanez
41.9%
2007
J.J. Putz
25.8%
Quiz Playlist
Details
Report
Send in Message
Add To Playlist
Classic:
Type in answers that appear in a list
Last Updated: Feb 16, 2017
Quiz Scoreboard
CHALLENGE
Sign Up to Join the Scoreboard
Show All
Scores
Hide
Comments
May contain spoilers
Recently Published
Alphabetical 'K' Countries by Flag Minefield
by ylime102
Geography
3m
Pick 6: Fruits
by JohnFran
Miscellaneous
15s
Click the 1999 NBA Draft
by nibperrychub
Sports
2m
More to Explore
Quiz From the Vault
Featured Blog Post
15 Basketball Trivia Facts You Can Be March Mad About
hide this ad
You Might Also Like...
Tags
Baseball Quiz
MLB Quiz
MVP
MVP Voting
Seattle
Seattle Mariners
Today's Top Quizzes in Sports
Browse Sports
hide this ad
Today's Top Quizzes in MLB
Browse MLB
Top Contributed Quizzes in Sports
1
Don't Strike Out: 3000 Strikeouts
2
MLB 2 truths and a lie: Hall of Fame pitchers
3
MLB Players with Two .350 Batting Average Seasons
4
Last 10 Members of the 500 HR Club in Order
5
Criteria MLB: Left Handed Sluggers
6
One Time Final Four Teams
7
Millionaire: NBA Finals Edition
8
MLB Teams by First Game
9
Pitchers With Multiple No-Hitters
10
Pick 6: NFL Teams
Explore More
Trending Topics
Anime
Kpop
Disney
Harry Potter
Marvel
Crossword
NBA
The Office
Pokémon
NFL
Song
Puzzle
Soccer
Country
WWE
hide this ad
More By:
dabbas11
Quiz
Plays
Rating
Category
Featured
Created
Lakers Players Who Have Received MVP Votes (1975-2011)
8,825
4.22
Sports
Oct 28, 2011
Celtics Players Who Have Received MVP Votes (1975-2011)
4,834
3.91
Sports
Oct 28, 2011
Mariners Players Who Have Received MVP Votes (1990-2010)
3,522
4.36
Sports
Oct 28, 2011
Teams That Lost Back-to-Back World Series
2,801
3.69
Sports
Oct 28, 2011
Chicago Bulls Who Have Received MVP Votes
2,183
3.58
Sports
Nov 11, 2011
Go to Creator's Profile
Score Distribution
Quiz Creator Spotlight
dabbas11
Follow
Send a Message
Quizzes Created
-
Created Quiz Play Count
-
More By This Creator
Popular Quizzes Today
1
Find the US States - No Outlines Minefield
2
Countries of Asia Without Outlines Minefield
3
Pick 6: Fruits
4
Alphabetical 'K' Countries by Flag Minefield
5
The Countries of the World
6
Click the 1999 NBA Draft
7
Find the US States
8
Match the Book to the Film X
More Sports Quizzes
2021 NFL season summary
Quiz Lab
Trending Quizzes
Pick 6: Harry Potter
Pick 6: Golfers
Pick 6: Movie Franchises
Pick 6: Foods
Pick 6: Landmarks
Recently Updated
Women's Final Four Teams by Year
bhenderson79
Presidents Quartet II
eogle
Anything But Clue(do)
eogle
Anything But Oceanian Capitals
eogle
Anything But 7
eogle
Anything But Thing
eogle
Word Ladder: February 29
pecheneg
Song Title Questions
pecheneg
Women's NCAA Tournament #1 Seeds
pecheneg
Celebrity Mug Shots
pecheneg
Trending Topics
Disney
Harry Potter
Kpop
Anime
NBA
Crossword
Marvel
NFL
WWE
Country
Pokémon
Song
Soccer
The Office
Puzzle
Your Account Isn't Verified!
In order to create a playlist on Sporcle, you need to verify the email address you used during registration. Go to your
Sporcle Settings
to finish the process.
Report this User
Report this user for behavior that violates our
Community Guidelines
.
Details:
Send Report
Go to the Sporcle.com Mobile Site →
Comments